Statistiques concernant Les meilleures nations de l'histoire de chaque sport

Cliquez ici pour prendre le quiz!

Statistiques générales

  • Ce quiz a été pris 3 061 fois
  • Le résultat moyen est 41 sur 48

Statistiques - réponses

SportMeilleur pays% Correct
HandballFrance
100%
Cyclisme (piste)France
100%
SnowboardFrance
100%
GolfEtats-Unis
99%
TennisEtats-Unis
99%
Tir à l'arcEtats-Unis
99%
AthlétismeEtats-Unis
99%
NatationEtats-Unis
99%
VoileEtats-Unis
99%
FootballBrésil
98%
Beach-volleyBrésil
98%
BadmintonChine
97%
Tennis de tableChine
97%
KaratéJapon
96%
JudoJapon
96%
TriathlonRoyaume-Uni
96%
Formule 1Royaume-Uni
96%
Patinage artistiqueRussie
95%
LutteRussie
95%
Hockey sur glaceRussie
95%
Gymnastique artistiqueRussie
95%
HaltérophilieRussie
95%
Gymnastique rythmiqueRussie
95%
EscrimeRussie
95%
EscaladeRussie
95%
TrampolineRussie
95%
Volley-ballRussie
94%
Combiné nordiqueNorvège
90%
Ski nordiqueNorvège
90%
Moto GPItalie
89%
Rugby (à XV)Nouvelle-Zélande
89%
Ski accrobatiqueCanada
88%
LugeAllemagne
87%
Canoë-kayakAllemagne
87%
EquitationAllemagne
87%
SurfAustralie
86%
Cyclisme (route)Belgique
69%
TirSuisse
69%
BobsleighSuisse
69%
Short-trackCorée du Sud
68%
TaekwondoCorée du Sud
68%
Patinage de vitessePays-Bas
67%
Ski alpinAutriche
62%
Basket-ballSerbie
56%
Water-poloSerbie
56%
Boxe anglaiseCuba
34%
Pentathlon moderneHongrie
34%
Hockey sur gazonPakistan
32%

Distribution des résultats

Percentile par nombre de réponses

% des personnes avec chaque résultat

Votre développement - résultats

Vous n’avez pas pris ce quiz